| 000 | 00397 a2200157 4500 | ||
|---|---|---|---|
| 003 | Nust | ||
| 005 | 20170207171638.0 | ||
| 040 | _cNust | ||
| 082 | _a621.382 | ||
| 100 | _aRabab, Saba (MSEE-19) | ||
| 245 |
_aAnalysis of Block Coherence Based on Deterministic Matrices _cSaba Rabab |
||
| 260 |
_aRawalpind _bMCS,NUST _cJanuary 2016 |
||
| 300 | _axi, 48 p | ||
| 650 | _aPG Thesis MSEE | ||
| 651 | _aMSEE-19 | ||
| 942 | _cTHS | ||
| 999 |
_c218040 _d218040 |
||